Phát hiện phần tử ngoại lai trong cơ sở dữ liệu quan hệ nhờ phân tích hồi quy /

Tallennettuna:
Bibliografiset tiedot
Päätekijä: Phạm Hạ Thủy.
Muut tekijät: Hoàng Xuân Huấn
Aineistotyyppi: Artikkeli
Kieli:Vietnamese
Tagit: Lisää tagi
Ei tageja, Lisää ensimmäinen tagi!
Thư viện lưu trữ: Thư viện Trường Đại học Đà Lạt
LEADER 00794nam a2200241 4500
001 DLU120143676
005 ##20121109
040 # # |a DLU  |b vie 
041 # # |a vie 
044 # # |a vn 
100 # # |a Phạm Hạ Thủy. 
245 # # |a Phát hiện phần tử ngoại lai trong cơ sở dữ liệu quan hệ nhờ phân tích hồi quy /  |c Phạm Hạ Thủy, Hoàng Xuân Huấn. 
700 # # |a Hoàng Xuân Huấn 
773 # # |t Nghiên cứu cơ bản và ứng dụng Công nghệ thông tin,   |g  2006, tr. 267-274 
920 # # |a Phòng Tạp chí -- Trung tâm Thông tin - Thư viện Trường Đại học Đà Lạt 
994 # # |a DLU 
900 # # |a True 
911 # # |a Nguyễn Thị Mai Anh 
925 # # |a G 
926 # # |a A 
927 # # |a BB 
980 # # |a Thư viện Trường Đại học Đà Lạt